书目信息 |
| 题名: |
工笔花鸟画技法
|
|
| 作者: | 金纳 著 | |
| 分册: | ||
| 出版信息: | 重庆 西南师范大学出版社 2013.03 |
|
| 页数: | 110页 | |
| 开本: | 110cm | |
| 丛书名: | ||
| 单 册: | ||
| 中图分类: | J212.27 | |
| 科图分类: | ||
| 主题词: | 绘画--技法(美术) | |
| 电子资源: | ||
| ISBN: | 7-5621-6176-3 | |
| 000 | 00561nam0 2200193 450 | |
| 001 | 2159763902 | |
| 005 | 20210301163755.97 | |
| 010 | @a7-5621-6176-3@dCNY37.00 | |
| 100 | @a20210301d2013 km y0chiy0120 ea | |
| 101 | 0 | @achi |
| 102 | @aCN | |
| 200 | 1 | @a工笔花鸟画技法@AGong Bi Hua Niao Hua Ji Fa@f金纳著@FJin Na Zhu |
| 210 | @a重庆@c西南师范大学出版社@d2013.03 | |
| 215 | @a110页@d110cm | |
| 606 | 0 | @a绘画@x技法(美术) |
| 690 | @aJ212.27@v4 | |
| 701 | 0 | @a金纳@AJin Na@4著 |
| 801 | 0 | @aCN@b大连网信软件有限公司图书馆·11@c20210301 |
| 905 | @aZUCC@dJ212.27@e1187 | |
| 工笔花鸟画技法/金纳著.-重庆:西南师范大学出版社,2013.03 |
| 110页;110cm |
| ISBN 7-5621-6176-3:CNY37.00 |
| ● |
| 相关链接 |
|
|
|
|
正题名:工笔花鸟画技法
索取号:J212.27/1187
 
预约/预借
| 序号 | 登录号 | 条形码 | 馆藏地/架位号 | 状态 | 备注 |
| 1 | 1055306 | 210553060 | 第一样本阅览室/ [索取号:J212.27/1187] | 在馆 |